Ponencia para el Ideario Costarricense /
MANUEL
Enregistré dans:
| Auteur principal: | |
|---|---|
| Collectivité auteur: | |
| Format: | Inconnue |
| Langue: | Spanish |
| Sujets: | |
| Tags: |
Ajouter un tag
Pas de tags, Soyez le premier à ajouter un tag!
|
MARC
| LEADER | 00000 a2200000 04500 | ||
|---|---|---|---|
| 001 | 4505 | ||
| 003 | CIDCACS | ||
| 005 | 20221122062551.0 | ||
| 008 | 221121b |||||||| |||| 00| 0 spa d | ||
| 040 | |c CIDCACS | ||
| 100 | 1 | |a Aguilar Bulgarelli, Oscar |e Autor |9 10826 | |
| 245 | 1 | |a Ponencia para el Ideario Costarricense / |c Oscar Aguilar Bulgarelli | |
| 300 | |a páginas 619-623 | ||
| 520 | |a MANUEL | ||
| 651 | 0 | |9 32 |a COSTA RICA | |
| 710 | |a Universidad Nacional (Costa Rica) | ||
| 773 | 0 | |0 17141 |9 4797 |a Costa Rica. |d Heredia: UNA, 1993 |o 22321 |t Ideario Costarricense / |w (cru CIDCACS/IIS)4416 | |
| 942 | |2 ddc |c LI | ||
| 999 | |c 16176 |d 16176 | ||
